00653 a2200205 450000500170000000800410001701000140005802000260007203500130009803700150011104000180012608200120014410000160015624500710017226000410024327000480028430000260033250000510035865100380040920081014123653.0081014t xxu||||| |||| 00| 0 eng d aENG-91322 a9788190655378c880.00 aEN-74855 bDBAD / PUB adplbEnglish  a338.954 aDash, L.N.  aInfrastructure development and the Indian economy /cby L.N. Dash  a New DelhibRegal Publicationsc2008 aF-159, Rajouri Garden, cNew Delhi e110027 axv, 267p.c22 cm (Hb) aIncludes bibliographical references and index  aIndiaxEconomic conditionsy1947-